000 00426nam a2200181Ia 4500
005 20240823040906.0
008 240823s9999||||xx |||||||||||||| ||und||
041 _aENGLISH
082 _A650.01310 N4
100 _aReddy C R
245 0 _aBusiness Statistics
250 _a1st
260 _c1994
_b"DD,New Delhi"
500 _aYES
650 _aBusiness Statistics
_bManagement Studies
942 _cBK
999 _c204199
_d204199